Le parole e la storia : ricerche su omosessualità e cultura /
Salvato in:
| Altri autori: | , , , , , , , , , , , , , , , |
|---|---|
| Natura: | Libro |
| Lingua: | italiano |
| Pubblicazione: |
Bologna :
Il Cassero,
1991
|
| Serie: | Quaderni di critica omosessuale ;
9 |
| Soggetti: | |
| Tags: |
Nessun Tag, puoi essere il primo ad aggiungerne!!
|
MARC
| LEADER | 00000nam a22000007i 4500 | ||
|---|---|---|---|
| 001 | IT\ICCU\LO1\0059210 | ||
| 003 | ItRI | ||
| 005 | 20260202213207.0 | ||
| 008 | 910921s1991 it |||||| ||||| |||||c | ||
| 040 | |b ita |c C | ||
| 041 | 7 | |a ita |2 ISO-639-2 | |
| 130 | 3 | |a Le parole e la storia |9 Venturelli, Enrico | |
| 245 | 0 | 3 | |a Le parole e la storia : |b ricerche su omosessualità e cultura / |c a cura di Enrico Venturelli. |
| 260 | |a Bologna : |b Il Cassero, |c 1991 | ||
| 300 | |a 171 p. ; |c 21 cm | ||
| 500 | |a Contributi presentati ad un incontro tenuto a Milano nel 1989 | ||
| 500 | |a Contributi di: Alessandro Clericuzio, Gabriele Lenzi, Fulvio Ferrari, Stefano Casi, Enrico Venturelli, Dario Bezzanti, Mario Stefani, Francesco Merlini, Davide Da Olmi, Tiziano Bedin, Carla Susani, Gianfranco Goretti, Giovanni Dall'Orto, Fabio Giovannini, Dario Trento, Massimo Consoli. | ||
| 650 | 7 | |a Omosessuali |x Cultura |2 scbi | |
| 700 | 1 | |a Venturelli, Enrico |0 IT\ICCU\LO1V\335645 | |
| 700 | |a Dall'Orto, Giovanni | ||
| 700 | |a Consoli, Massimo | ||
| 700 | |a Stefani, Mario <1938- > | ||
| 700 | |a Trento, Dario | ||
| 700 | |a Lenzi, Gabriele | ||
| 700 | |a Ferrari, Fulvio | ||
| 700 | |a Bezzanti, Dario | ||
| 700 | |a Bedin, Tiziano | ||
| 700 | |a Susani, Carla | ||
| 700 | |a Goretti, Gianfranco | ||
| 700 | |a Giovannini, Fabio | ||
| 700 | |a Merlini, Francesco | ||
| 700 | |a Daolmi, Davide | ||
| 700 | |a Casi, Stefano | ||
| 700 | |a Clericuzio, Alessandro | ||
| 830 | 0 | |a Quaderni di critica omosessuale ; |v 9 |0 IT\ICCU\CFI\0025262 | |
| 942 | |2 ddc |c BK | ||
| 952 | |0 0 |1 0 |2 ddc |4 0 |6 306_408664000000000_VEN_PAR |7 1 |9 1050 |a GE |b GE |d 2024-03-19 |l 0 |o 306.408664 VEN PAR |p 1266 |r 2024-03-19 21:06:55 |w 2024-03-19 |y BK | ||
| 952 | |0 0 |1 0 |2 ddc |4 0 |6 B_SCR03VENENPAR14 |7 0 |9 8241 |a MI |b MI |d 2005-08-27 |i 4289 |l 0 |o B-SCR03-VENEN-PAR14 |p CDOM4289 |r 2025-07-17 21:50:23 |w 2025-07-17 |x DONO |y BK | ||
| 952 | |0 0 |1 0 |2 ddc |4 0 |6 B_SCR03VENENPAR11 |7 0 |9 8242 |a MI |b MI |d 2005-08-27 |i 4694 |l 0 |o B-SCR03-VENEN-PAR11 |p CDOM4694 |r 2025-07-17 21:50:23 |w 2025-07-17 |x DONO |y BK | ||
| 952 | |0 0 |1 0 |2 ddc |4 0 |6 B_SCR03VENENPAR12 |7 0 |9 8243 |a MI |b MI |d 1991-06-04 |i 4696 |l 0 |o B-SCR03-VENEN-PAR12 |p CDOM4696 |r 2025-07-17 21:50:23 |w 2025-07-17 |x DONO |y BK | ||
| 952 | |0 0 |1 0 |2 ddc |4 0 |6 B_SCR03VENENPAR13 |7 0 |9 8244 |a MI |b MI |d 1991-06-04 |i 2563 |l 0 |o B-SCR03-VENEN-PAR13 |p CDOM2563 |r 2025-07-17 21:50:23 |w 2025-07-17 |y BK | ||
| 952 | |0 0 |1 0 |4 0 |6 DOC_306_408000000000000_VEN |7 0 |9 25262 |a BO |b BO |d 2026-01-15 |i 5101 |l 0 |o DOC 306.408 VEN |p BO5101 |r 2026-01-15 23:24:04 |w 2026-01-15 |x [Sebina 5] [1 v. (2. copia)] |y BK |z 1 v. (2. copia) | ||
| 952 | |0 0 |1 0 |4 0 |6 DOC_306_408000000000000_VEN |7 0 |9 25263 |a BO |b BO |d 2026-01-15 |i 5717 |l 0 |o DOC 306.408 VEN |p BO5717 |r 2026-01-15 23:24:04 |w 2026-01-15 |x [Sebina 5] [1 v.] |y BK |z 1 v. | ||
| 999 | |c 951 |d 951 | ||